|
|
|
|
| LEADER |
01555nam a2200373 a 4500 |
| 001 |
32094 |
| 003 |
BD-DhAAL |
| 005 |
20211116145846.0 |
| 008 |
171024s2010 enka b 001 0 eng |
| 999 |
|
|
|c 38319
|d 38319
|
| 010 |
|
|
|a 2009026448
|
| 020 |
|
|
|a 9780415995627 (hardback)
|
| 020 |
|
|
|a 0415995620 (hardback)
|
| 020 |
|
|
|a 9780203862087 (ebook)
|
| 020 |
|
|
|a 0203862082 (ebook)
|
| 040 |
|
|
|a DLC
|c DLC
|d YDX
|d CDX
|d YDXCP
|d BWX
|d DLC
|d BD-DhAAL
|
| 050 |
0 |
0 |
|a HN981.C6
|b M375 2010
|
| 082 |
0 |
0 |
|a 307.3441691724
|2 22
|
| 100 |
1 |
|
|a Martin, Richard,
|d 1939-
|9 22247
|
| 245 |
1 |
0 |
|a Development, poverty, and politics :
|b putting communities in the driver's seat /
|c Richard Martin, Ashna Mathema, foreword by John F. C. Turner.
|
| 260 |
|
|
|a London;
|a New York :
|b Routledge,
|c 2010.
|
| 300 |
|
|
|a xviii, 289 pages :
|b illustrations ;
|c 24 cm.
|
| 490 |
0 |
|
|a Routledge studies in development and society ;
|v 23
|
| 504 |
|
|
|a Includes bibliographical references and index.
|
| 526 |
|
|
|a ARC
|
| 541 |
|
|
|a Trim Education
|e 32094
|
| 650 |
|
0 |
|a Community development, Urban
|z Developing countries.
|9 22248
|
| 650 |
|
0 |
|a Economic development
|x Citizen participation
|9 22249
|
| 650 |
|
0 |
|a Urban poor
|z Developing countries.
|9 22250
|
| 650 |
|
0 |
|a Architecture
|9 42732
|
| 700 |
1 |
|
|a Mathema, Ashna.
|9 22251
|4 author
|
| 700 |
1 |
|
|a Turner, John F. C.
|4 Foreword
|9 22624
|
| 942 |
|
|
|2 ddc
|c BK
|
| 952 |
|
|
|0 0
|1 0
|2 ddc
|4 0
|6 307_344169172400000_MAR
|7 0
|9 61313
|a BRACUL
|b BRACUL
|c GEN
|d 2017-10-24
|e Trim Education
|g 3040.00
|l 0
|o 307.3441691724 MAR
|p 3010032094
|r 2017-09-18
|t 1
|v 3040.00
|w 2017-09-18
|y BK
|